|
|
|
|
| LEADER |
00000nam a22000007a 4500 |
| 005 |
20210809210454.0 |
| 007 |
cr|||| |||| |
| 008 |
210809s2016 ca |||||s|||| 00||0 eng d |
| 020 |
|
|
|a 9781552214213
|
| 035 |
|
|
|a 34949
|
| 040 |
|
|
|a vLex
|
| 090 |
|
|
|c 11934
|d 11934
|
| 100 |
1 |
|
|a Eltis, Karen
|
| 245 |
1 |
0 |
|a Courts, Litigants, and the Digital Age
|h [Recurso electrn̤ico] /
|b Law, Ethics, and Practice
|c Karen Eltis
|
| 250 |
|
|
|a Segunda Edicin̤
|
| 256 |
|
|
|a Servicio en ln̕ea
|
| 260 |
|
|
|a Toronto:
|b Irwin Law Inc.,
|c 2016
|
| 300 |
|
|
|a 1 recurso electrn̤ico
|
| 500 |
|
|
|a Courts, Litigants, and the Digital Age examines the ramifications of technology for courts, judges, and the administration of justice. It sets out the issues raised by technology, and, particularly, the Internet, so that conventional paradigms can be updated in the judicial context. In particular, the book dwells on issues such as proper judicial use of Internet sources, judicial ethics and social networking, electronic court records and anonymization techniques, control of the courtroom and jurors’ use of new technologies, asnwell as the Internet’s impact on judicial appointments and the diversity of thenjudiciary. The second edition includes discussion of current issues in thisnrapidly developing area, such as privacy protection, the “right to be forgotten,” cyber intimidation, freedom of digital speech, and litigant anonymity. Through examination of relevant practical, legal, and ethical issues, it endeavours to extract lessons from the developing issues surveyed and proposes forward-thinking approaches based on proportionality principles.
|
| 506 |
1 |
|
|a Disponible solo en los productos indicados
|d vLex Global
|d vLex Global (Academic Edition, excluding Law Schools)
|d vLex Global (U.S. Academic Edition, Law Schools)
|d vLex Global (U.S. Academic Edition, excluding Law Schools)
|d vLex Global (Academic Edition, Law Schools)
|
| 650 |
0 |
4 |
|a Derecho de las Nuevas Tecnologa̕s
|z Canad̀
|
| 740 |
0 |
|
|a vLex Libros (Servicio en ln̕ea)
|
| 856 |
4 |
0 |
|u https://app.vlex.com/#/sources/34949
|z Acceso restringido
|
| 942 |
|
|
|c BOOK
|
| 999 |
0 |
|
|a New Technologies Law
|